MARC

LEADER 00000n m0a2200000 4500
001 186125
005 20231101223948.0
035 |a (RuTPU)RU\TPU\book\201948 
035 |a RU\TPU\book\201606 
090 |a 186125 
100 |a 20101025d1908 k y0rusy50 ca 
101 0 |a rus 
102 |a RU 
105 |a a j 000zy 
200 1 |a Дифференциальные уравнения  |e Лекции IV семестра 1907-1908 г.  |g Томский технологический институт (ТТИ) Императора Николая II  |f Ф. (Т.) Э. Молин 
210 |a Томск  |c Типо-литография Сибирского Т-ва Печатного Дела  |d 1908 
215 |a 190 с.  |c ил. 
300 |a Литогр. изд. 
300 |a Текст в русской дореформенной орфографии 
316 |5 63413507: ШкА/3114  |a Владельческий переплет ТТИ 
606 1 |a Дифференциальное исчисление  |2 stltpush  |3 (RuTPU)RU\TPU\subj\9686  |9 36870 
610 1 |a дифференциальные уравнения 
610 1 |a учебные пособия 
610 1 |a функции 
610 1 |a производные 
610 1 |a неопределенности 
610 1 |a труды учёных ТПУ 
610 1 |a коллекция ТПУ 
675 |a 517.2(075.8)  |v 3 
700 1 |a Молин  |b Ф. (Т.) Э.  |c российский математик  |c профессор Томского технологического института (1900-1941)  |f 1861-1941  |g Федор (Теодор) Эдуардович  |2 stltpush  |3 (RuTPU)RU\TPU\pers\21843 
712 0 2 |a Томский технологический институт (ТТИ)  |c (1896-1923)  |2 stltpush  |3 (RuTPU)RU\TPU\col\9244 
801 1 |a RU  |b 63413507  |c 20101015 
801 2 |a RU  |b 63413507  |c 20191128  |g RCR 
942 |c BK